[Event "Worclaw Kurtyka Memorial"]
[Site "Wroclaw"]
[Date "2023.12.17"]
[Round "1"]
[White "Barwinska, Ewa"]
[Black "Rzadkowska, Lila"]
[Result "1-0"]
[WhiteElo "2084"]
[BlackElo "1221"]
[PlyCount "47"]
[EventDate "2023.12.17"]
[EventType "swiss"]
[EventRounds "5"]
[EventCountry "POL"]
[SourceTitle "CB52_2023"]
[SourceDate "2023.12.27"]
[SourceVersion "1"]
[SourceVersionDate "2023.12.27"]
[SourceQuality "1"]

1. e4 c5 2. Nf3 e6 3. d3 Nc6 4. g3 d5 5. Qe2 Be7 6. Bg2 Nf6 7. e5 Nd7 8. 0-0 0-0 9. c4 Nb6 10. Bf4 f6 11. exf6 Bxf6 12. Nc3 Re8 13. Ne5 a6 14. Rad1 Nd7 15. Nxd7 Bxc3 16. bxc3 Qxd7 17. cxd5 exd5 18. Bxd5+ Kh8 19. Be4 Qe7 20. Qh5 g6 21. Bxg6 Rg8 22. Bg5 Qg7 23. Bf6 Bd7 24. Qxh7# 1-0

[Event "Worclaw Kurtyka Memorial"]
[Site "Wroclaw"]
[Date "2023.12.17"]
[Round "2"]
[White "Rzadkowska, Lila"]
[Black "Owczarek, Monika"]
[Result "1-0"]
[WhiteElo "1221"]
[BlackElo "1542"]
[PlyCount "95"]
[EventDate "2023.12.17"]
[EventType "swiss"]
[EventRounds "5"]
[EventCountry "POL"]
[SourceTitle "CB52_2023"]
[SourceDate "2023.12.27"]
[SourceVersion "1"]
[SourceVersionDate "2023.12.27"]
[SourceQuality "1"]

1. d4 Nf6 2. c4 c5 3. d5 b5 4. Nc3 bxc4 5. e4 d6 6. Bxc4 g6 7. Nf3 Bg7 8. 0-0 0-0 9. Be3 Ng4 10. Bf4 Nd7 11. Qd2 Nge5 12. Be2 Nxf3+ 13. Bxf3 Ne5 14. Be2 Re8 15. Bh6 Bh8 16. f4 Nd7 17. Bb5 Bg7 18. f5 Rf8 19. Bxd7 Bxd7 20. Rf3 Qb6 21. Kh1 Rab8 22. Rb1 Qb4 23. Bxg7 Kxg7 24. Rh3 h5 25. Qg5 Qd4 26. Rxh5 Rh8 27. Rxh8 Rxh8 28. fxg6 Kf8 29. gxf7 Qe5 30. Qxe5 dxe5 31. Rf1 Rh7 32. Kg1 Rxf7 33. Rxf7+ Kxf7 34. Kf2 Kf6 35. b3 a6 36. Na4 Bxa4 37. bxa4 c4 38. Ke2 Kg5 39. h3 Kf4 40. Kd2 Kxe4 41. h4 Kf4 42. g3+ Kxg3 43. h5 Kf3 44. h6 e4 45. h7 e3+ 46. Ke1 c3 47. h8Q c2 48. Qc3 1-0

[Event "EU-ch U08 Girls 30th"]
[Site "Antalya"]
[Date "2022.11.10"]
[Round "5"]
[White "Rzadkowska, Lila"]
[Black "Wang, Yi Xuan"]
[Result "1-0"]
[WhiteElo "1243"]
[BlackElo "1138"]
[PlyCount "139"]
[EventDate "2022.11.06"]
[EventType "swiss"]
[EventRounds "9"]
[EventCountry "TUR"]
[SourceTitle "CBM 211 Extra"]
[Source "ChessBase"]
[SourceDate "2023.01.31"]
[SourceVersion "1"]
[SourceVersionDate "2023.01.31"]
[SourceQuality "1"]

1. d4 d5 2. Nf3 Nf6 3. e3 Bf5 4. c4 c6 5. Nc3 e6 6. Nh4 Bg6 7. Be2 Nbd7 8. g3 Be7 9. Bd2 a6 10. c5 e5 11. Nxg6 hxg6 12. Qc2 exd4 13. exd4 b6 14. cxb6 Qxb6 15. Qa4 c5 16. Qb3 c4 17. Qxb6 Nxb6 18. Bf3 Rb8 19. Bf4 Rb7 20. Be5 Bb4 21. Rb1 Na4 22. Kd2 Rg8 23. a3 Ba5 24. Kc2 Nxc3 25. bxc3 Rd7 26. Rb8+ Bd8 27. Re1 Re7 28. Bxf6 gxf6 29. Rxe7+ Kxe7 30. Bxd5 Rh8 31. h4 g5 32. Bxc4 gxh4 33. gxh4 Rxh4 34. Bxa6 Rh2 35. d5 Rxf2+ 36. Kd3 f5 37. d6+ Kd7 38. Bb5+ Kxd6 39. Rxd8+ Kc5 40. a4 f4 41. c4 f3 42. Ke3 Rf1 43. a5 f5 44. a6 Kb6 45. Rd6+ Kc7 46. Rd7+ Kc8 47. a7 Ra1 48. Rh7 Ra3+ 49. Kf4 f2 50. c5 Ra1 51. Ke3 Ra2 52. c6 f4+ 53. Kxf4 Ra4+ 54. Ke3 Ra2 55. a8Q+ Rxa8 56. Rh8+ Kc7 57. Rxa8 f1Q 58. Bxf1 Kxc6 59. Ra5 Kb6 60. Rb5+ Kc6 61. Kd4 Kd6 62. Rb6+ Kc7 63. Rh6 Kd7 64. Ke5 Kc7 65. Bg2 Kd7 66. Rh7+ Kc8 67. Kd6 Kb8 68. Kc6 Ka8 69. Kb6+ Kb8 70. Rh8# 1-0

[Event "Wch U08 Girls"]
[Site "Batumi"]
[Date "2022.09.25"]
[Round "9"]
[White "Zhumambayeva, Aliya"]
[Black "Rzadkowska, Lila"]
[Result "0-1"]
[WhiteElo "1159"]
[BlackElo "1125"]
[PlyCount "76"]
[EventDate "2022.09.16"]
[EventType "swiss"]
[EventRounds "11"]
[EventCountry "GEO"]
[SourceTitle "EXT 2023"]
[Source "ChessBase"]
[SourceDate "2022.10.05"]
[SourceVersion "1"]
[SourceVersionDate "2022.10.05"]
[SourceQuality "1"]

1. e4 e5 2. Nf3 Nc6 3. Nc3 Nf6 4. Bc4 Nxe4 5. Nxe4 d5 6. Bd3 dxe4 7. Bxe4 Bd6 8. c3 0-0 9. 0-0 Bg4 10. Qc2 h6 11. Re1 Re8 12. h3 Bd7 13. Bd5 Qf6 14. d3 Qg6 15. Kh1 Be6 16. Be4 Qh5 17. Qa4 Bc5 18. Be3 Bxe3 19. Rxe3 Bd7 20. Rae1 Re7 21. Qb3 b6 22. d4 Rae8 23. Bxc6 Bxc6 24. Nxe5 Bb7 25. Kg1 Qg5 26. g3 Qf6 27. Qc4 Qf5 28. g4 Qf6 29. Nd7 Qd6 30. Ne5 Bd5 31. Qa4 Re6 32. c4 Ba8 33. Qd1 f6 34. Ng6 Rxe3 35. Rxe3 Rxe3 36. Qf1 Rg3+ 37. Kh2 Rg2+ 38. Kh1 Qh2# 0-1

[Event "Wch U08 Girls"]
[Site "Batumi"]
[Date "2022.09.24"]
[Round "8"]
[White "Rzadkowska, Lila"]
[Black "Sivanandan, Bodhana"]
[Result "0-1"]
[WhiteElo "1125"]
[BlackElo "1587"]
[PlyCount "70"]
[EventDate "2022.09.16"]
[EventType "swiss"]
[EventRounds "11"]
[EventCountry "GEO"]
[SourceTitle "EXT 2023"]
[Source "ChessBase"]
[SourceDate "2022.10.05"]
[SourceVersion "1"]
[SourceVersionDate "2022.10.05"]
[SourceQuality "1"]

1. e4 c6 2. Nf3 d5 3. exd5 cxd5 4. Ne5 Nd7 5. d4 Ngf6 6. Bd3 g6 7. 0-0 Bg7 8. Kh1 0-0 9. f4 Ne4 10. Nd2 f5 11. Nxe4 fxe4 12. Be2 Nxe5 13. dxe5 e6 14. Bd2 Qb6 15. b3 Bd7 16. c4 d4 17. Bc1 d3 18. Bg4 Qd4 19. Ba3 Rfd8 20. Bd6 Bf8 21. Bxf8 Rxf8 22. Rc1 e3 23. Be2 d2 24. Rc2 Rxf4 25. Rxf4 Qxf4 26. Rc3 Qf2 27. Rd3 Bc6 28. Qf1 Qe1 29. h3 Rf8 30. Kh2 Rxf1 31. Bxf1 Qxf1 32. Rd8+ Kg7 33. Rd5 d1Q 34. Kg3 Qf2+ 35. Kh2 Qdg1# 0-1

[Event "Wch U08 Girls"]
[Site "Batumi"]
[Date "2022.09.21"]
[Round "6"]
[White "Rzadkowska, Lila"]
[Black "Veselow, Zoe"]
[Result "1-0"]
[WhiteElo "1125"]
[BlackElo "1532"]
[PlyCount "66"]
[EventDate "2022.09.16"]
[EventType "swiss"]
[EventRounds "11"]
[EventCountry "GEO"]
[SourceTitle "EXT 2023"]
[Source "ChessBase"]
[SourceDate "2022.10.05"]
[SourceVersion "1"]
[SourceVersionDate "2022.10.05"]
[SourceQuality "1"]

1. Nf3 Nf6 2. b3 e6 3. Bb2 d5 4. e3 Be7 5. d4 Nbd7 6. Bd3 0-0 7. 0-0 c5 8. Nbd2 b6 9. Ne5 Bb7 10. f4 Nxe5 11. fxe5 Nd7 12. Rf3 Bg5 13. Rg3 Bh6 14. Qh5 Kh8 15. Rh3 Rc8 16. c4 f6 17. Qg4 Qe7 18. cxd5 exd5 19. Qf5 g6 20. Qg4 Qg7 21. Nf3 f5 22. Qh4 Bxe3+ 23. Kh1 cxd4 24. Nxd4 Bxd4 25. Bxd4 Rce8 26. e6 Nf6 27. Re1 g5 28. Qf2 h6 29. Qxf5 Kg8 30. Qg6 Qxg6 31. Bxg6 Re7 32. Rxh6 Kg7 33. Rh7+ Kxg6 1-0